000 00806nam a2200205Ia 4500
003 GCL
008 140319s9999 xx 000 0 ara d
040 _aGCL /
_cGCL
082 0 4 _aق
_b953.07393
_bج ع
100 1 _aجوزيف نسيم يوسف
245 1 0 _aالعدوان الصليبى على مصر : هزيمة لويس التاسع فى المنصورة وفارسكور /
_cجوزيف نسيم يوسف
260 _aبيروت :
_bدار النهضة العربية للطباعة والنشر ،
_c1981
300 _a413 ص ؛
_c24 سم
490 _aمكتبة الحروب الصليبية
_v2
650 0 4 _aالحروب الصليبية فى مصر
650 0 4 _aمصر - تاريخ
650 0 4 _aلويس التاسع
650 0 4 _aمصر - تاريخ اسلامى
942 _2ddc
_cBK
999 _c32020
_d32020